000 00454nam a22001817a 4500
003 MPLRDC
005 20220104172154.0
008 210129b ||||| |||| 00| 0 eng d
082 _a859.3 LADY v.4 c.2
100 _aJILL CORBY
245 _aPIRATE'S TREASURE
_c
250 _a初版
260 _a
_bLADYBIRD BOOKS LTD
_c1983
300 _b
490 _aSAY THE SOUNDS; BOOK 4
650 _aCHILDREN LITERATURE
942 _cBK
_o859.3 LADY v.4 c.2
999 _c58809
_d58799